Alochana ka badalta pariprekshy (Record no. 121374)
[ view plain ]
| 000 -LEADER | |
|---|---|
| fixed length control field | 00839nam a2200265Ia 4500 |
| 003 - CONTROL NUMBER IDENTIFIER | |
| control field | OSt |
| 005 - DATE AND TIME OF LATEST TRANSACTION | |
| control field | 20240507143329.0 |
| 008 - FIXED-LENGTH DATA ELEMENTS--GENERAL INFORMATION | |
| fixed length control field | 210210b2011 xxu||||| |||| 00| 0 eng d |
| 020 ## - INTERNATIONAL STANDARD BOOK NUMBER | |
| International Standard Book Number | 9789380760049 |
| 040 ## - CATALOGING SOURCE | |
| Transcribing agency | AL |
| 041 ## - LANGUAGE CODE | |
| Language code of text/sound track or separate title | Hindi |
| 082 ## - DEWEY DECIMAL CLASSIFICATION NUMBER | |
| Classification number | H891.9 SONA |
| 100 ## - MAIN ENTRY--PERSONAL NAME | |
| Personal name | SONTAKKE (Madhav) |
| Dates associated with a name | माधव सोनटक्की |
| 9 (RLIN) | 163621 |
| 245 ## - TITLE STATEMENT | |
| Title | Alochana ka badalta pariprekshy |
| Remainder of title | आलोचना का बदलता परिप्रेक्ष्य |
| 260 ## - PUBLICATION, DISTRIBUTION, ETC. | |
| Place of publication, distribution, etc. | Kanpur |
| Name of publisher, distributor, etc. | Atul Prakashan |
| Date of publication, distribution, etc. | 2011 |
| 300 ## - PHYSICAL DESCRIPTION | |
| Extent | 112 |
| 650 ## - SUBJECT ADDED ENTRY--TOPICAL TERM | |
| Topical term or geographic name entry element | pariprekshy |
| 9 (RLIN) | 163622 |
| 650 ## - SUBJECT ADDED ENTRY--TOPICAL TERM | |
| Topical term or geographic name entry element | ka |
| 9 (RLIN) | 163623 |
| 650 ## - SUBJECT ADDED ENTRY--TOPICAL TERM | |
| Topical term or geographic name entry element | badalta |
| 9 (RLIN) | 163624 |
| 650 ## - SUBJECT ADDED ENTRY--TOPICAL TERM | |
| Topical term or geographic name entry element | Alochana |
| 9 (RLIN) | 163625 |
| 690 ## - LOCAL SUBJECT ADDED ENTRY--TOPICAL TERM (OCLC, RLIN) | |
| Topical term or geographic name as entry element | Hindi Criticism |
| 9 (RLIN) | 163626 |
| 700 ## - ADDED ENTRY--PERSONAL NAME | |
| Personal name | PATIL (HANMANTRAV) |
| Dates associated with a name | हनुमंता राव पाटील |
| 9 (RLIN) | 163627 |
| 906 ## - LOCAL DATA ELEMENT F, LDF (RLIN) | |
| a | 071584 |
| 942 ## - ADDED ENTRY ELEMENTS (KOHA) | |
| Source of classification or shelving scheme | Dewey Decimal Classification |
| Koha item type | Book |
| Withdrawn status | Lost status | Damaged status | Not for loan | Collection code | Home library | Current library | Shelving location | Date acquired | Source of acquisition | Cost, normal purchase price | Total Checkouts | Full call number | Barcode | Date last seen | Price effective from | Koha item type |
|---|---|---|---|---|---|---|---|---|---|---|---|---|---|---|---|---|
| St Aloysius Library | St Aloysius Library | 02/17/2021 | Abhay Prakashan Publisher & Book Seller, Kanpur-208021 | 200.00 | H891.9 SONA | 071584 | 02/17/2021 | 02/17/2021 | Book |